Kto wykonuje tą piosenke? (Polski Rap) - Statystyki

Ogólne statystyki
  • Ten quiz został rozwiązany 798 razy
  • Średni wynik to 13 z 24
Statystyki odpowiedzi
Piosenka Wykonawca % Poprawnych
Jesteś ładniejsza niż na zdjęciach Bedoes
96%
Floyd Mayweather Żabson
90%
@ Chillwagon
87%
Patointeligencja Mata
87%
Mogę dziś umierać White 2115
84%
Hinata Szpaku
81%
6 zer Taco Hemingway
81%
Pogba Young Multi
80%
Zorza Quebonafide
79%
Nie, nie Otsochodzi
78%
Viking Sarius
73%
Art-B Taconafide
57%
bb Zeamsone
54%
Cesarz Kękę
51%
Jestem Marynarzem Beka KSH
48%
Piraci Kali
47%
Raj Smolasty
43%
YABADABADOO SALVADOR
42%
Awake Merghani
23%
Priorytety Paktofonika
22%
Anioły i demony Tymek, Big Scythe
9%
Gucci Mane Deemz, Bedoes, Young Multi
7%
Safari Lanek, Żabson, Smolasty
3%
Toskania Kizo, Qry, Claysteer
2%
Nie znaleziono quizów pasujących do podanych kryteriów
Rozkład punktacji
Procent ludzi z każdym wynikiem
Percentyl według liczby udzielonych odpowiedzi
Twoja historia wyników
Nie rozwiązałeś tego quizu